00503cam a22001577a 4500008003600000082001700036100002400053245004500077260002700122300001000149440004700159650002100206650001100227999001900238952008800257180718b xxu||||| |||| 00| 0 eng d aZ211x54 K898 aKrishnamurthy, K.H. aBanyan and Peepulcby K.H. Krishnamurthy aDelhibBooks for allc a112p. aHealth series: traditional family medicine aMedicinal plants aPlants c400175d400175 00104070aIIPAbIIPAd2002-09-23oZ211x54 K898p66603r2018-07-21w2018-07-21yBK